Bilecik Bilecik Bilecik Bilecik Bilecik

Suç ve ceza/ (Record no. 16085)

MARC details
000 -BAŞLIK
Sabit Uzunluktaki Kontrol Alanı 01240nam a22003617a 4500
001 - KONTROL NUMARASI
Control Dosyası 0016123
003 - KONTROL NUMARASI KİMLİĞİ
Kontrol Alanı KOHA_MİRAKIL
005 - EN SON İŞLEM TARİHİ ve ZAMANI
Kontrol Alanı 20260207002054.0
007 - FİZİKSEL TANIM SABİT ALAN - GENEL BİLGİ
Sabit uzunluklu kontrol alanı ta
008 - SABİT UZUNLUKTAKİ VERİ ÖGELERİ - GENEL BİLGİ
Sabit Alan 100409b1995 tu |||gr||||#0|||1|tur |
020 ## - ISBN - ULUSLARARASI STANDART KİTAP NUMARASI
Isbn 9751100550
Nitelik bilgileri (Tk) 9751100577
-- (c.2)
Kullanılabilirlik koşulları 0,01
040 ## - KATALOGLAMA KAYNAĞI
Özgün Kataloglama Kurumu TR-BiSEU
Kataloglama Dili tur
Çeviri Kurumu TR-BiSEU
Açıklama Kuralları rda
041 0# - DİL KODU
Metin ya da ses kaydının dil kodu tur
044 ## - YAYINLAYAN/ÜRETEN KURULUŞUN ÜLKE KODU
ISO country code tu
050 ## - SINIFLAMA ve YER NUMARASI
Sınıflama Numarası PG3325.A15
Yer Numarası S83 1995
100 1# - KİŞİ ADI
Yazar Adı (Kişi adı) Dostoyevski, Fyodor Mihayloviç.
245 1# - ESER ADI BİLDİRİMİ
Başlık Suç ve ceza/
Sorumluluk Bildirimi Fyodor Mihayloviç Dostoyevski ; F.M. Dostoyevski; Türkçesi Hasan Ali Ediz.
264 #1 - ÜRERİM, YAYIN, DAĞITIM ve TELİF BİLDİRİMİ
Yayın yeri İstanbul :
Yayınlayan Milli Eğitim Bakanlığı
Yayın tarihi 1995
300 ## - FİZİKSEL TANIMLAMA
Sayfa, Cilt vb. 2 c.; 18 cm.
336 ## - İÇERİK TÜRÜ
Content type term metin
Content type code txt
Source rdacontent
337 ## - MEDYA TÜRÜ
Media type term aracısız
Media type code n
Source rdamedia
338 ## - TAŞIYICI TÜRÜ
Carrier type term cilt
Carrier type code nc
Source rdacarrier
490 1# - DİZİ BİLDİRİMİ
Dizi Bildirimi Milli Eğitim Bakanlığı yayınları ;
Cilt Numarası 832.
490 1# - DİZİ BİLDİRİMİ
Dizi Bildirimi Bilim ve kültür eserleri dizisi ;
Cilt Numarası 107.
490 1# - DİZİ BİLDİRİMİ
Dizi Bildirimi Dünya edebiyatından seçmeler ;
Cilt Numarası 5.
650 #0 - KONU BAŞLIĞI EK GİRİŞ - KONU TERİMİ
Konusal terim veya coğrafi ad Russian fiction.
9 (RLIN) 7266
650 #0 - KONU BAŞLIĞI EK GİRİŞ - KONU TERİMİ
Konusal terim veya coğrafi ad Rus romanı.
9 (RLIN) 7265
830 1# - SERİ EK GİRİŞİ - TEKBİÇİM ESER ADI
Tekbiçim Başlık Milli Eğitim Bakanlığı yayınları ;
Volume number/sequential designation 832.
9 (RLIN) 7828
830 1# - SERİ EK GİRİŞİ - TEKBİÇİM ESER ADI
Tekbiçim Başlık Bilim ve kültür eserleri dizisi ;
Volume number/sequential designation 107.
9 (RLIN) 12823
830 1# - SERİ EK GİRİŞİ - TEKBİÇİM ESER ADI
Tekbiçim Başlık Dünya edebiyatından seçmeler ;
Volume number/sequential designation 5.
9 (RLIN) 37411
907 ## - LOCAL DATA ELEMENT G, LDG (RLIN)
a Roman
942 ## - EK GİRİŞ ÖGELERİ (KOHA)
Source of classification or shelving scheme Library of Congress Classification
Koha item type Book
Holdings
Materyal Türü Kalıcı Konum Mevcut Konum Raf Yeri Sınıflandırma Kaynağı Edinim Bilgisi Ana Konular Alt Konular Yer Numarası Cilt Bilgisi Demirbaş Numarası Fatura Tarihi Geri Çekilme Durumu Kayıp Durumu Hasarlı Durumu Kredi için değil Kayıt Tarih Toplam Ödünçverme Son Görülme Tarihi Son Kontrol Tarihi Genel / Bağış Notu
Book Prof. Dr. Azmi Özcan Kütüphanesi Prof. Dr. Azmi Özcan Kütüphanesi Birûni Salonu Library of Congress Classification Bağış DİL VE EDEBİYAT Slav Dilleri, Baltık Dilleri, Arnavutça PG3325.A15 S83 1995 c.2 0016123 13/08/2010         09/04/2010 8 05/12/2024 05/12/2024 Harun Tuncel, Akademisyen
Book Prof. Dr. Azmi Özcan Kütüphanesi Prof. Dr. Azmi Özcan Kütüphanesi Birûni Salonu Library of Congress Classification Bağış DİL VE EDEBİYAT Slav Dilleri, Baltık Dilleri, Arnavutça PG3325.A15 S83 1995 c.1 0016125 13/08/2010         09/04/2010 20 05/12/2024 05/12/2024 Harun Tuncel, Akademisyen